[Event "CUB-ch U18 Girls"]
[Site "San Nicolas de Bari"]
[Date "2012.04.15"]
[Round "2"]
[White "Valdivia Pena, Yaima"]
[Black "Diaz Rey, Dailen"]
[Result "1/2-1/2"]
[WhiteElo "2031"]
[BlackElo "1836"]
[PlyCount "53"]
[EventDate "2012.04.15"]
[EventType "swiss"]
[EventRounds "9"]
[EventCountry "CUB"]
[SourceTitle "CBM 148 Extra"]
[Source "ChessBase"]
[SourceDate "2012.06.22"]
[SourceVersion "1"]
[SourceVersionDate "2012.06.22"]
[SourceQuality "1"]

1. e4 c5 2. c3 d5 3. exd5 Qxd5 4. d4 e6 5. Nf3 Nf6 6. Na3 Qd8 7. Nc2 Nc6 8. Bd3 Be7 9. 0-0 0-0 10. dxc5 Bxc5 11. Bg5 Be7 12. Ne3 Bd7 13. Qc2 h6 14. Bh4 Qc7 15. Rad1 a6 16. Rd2 b5 17. Rfd1 Rfd8 18. a3 Rac8 19. Bg3 Qb6 20. Ne5 Be8 21. Nxc6 Bxc6 22. Re1 Qb7 23. f3 Bc5 24. Bf2 Nd5 25. Nxd5 Bxf2+ 26. Rxf2 Bxd5 27. Rd2 1/2-1/2

[Event "Capablanca Memorial op-B 45th"]
[Site "Havana"]
[Date "2011.05.15"]
[Round "5"]
[White "Valdivia Pena, Yaima"]
[Black "Gonzalez Vega, Alejandro"]
[Result "1/2-1/2"]
[WhiteElo "2021"]
[BlackElo "2218"]
[PlyCount "90"]
[EventDate "2011.05.11"]
[EventType "swiss"]
[EventRounds "7"]
[EventCountry "CUB"]
[SourceTitle "CBM 142 Extra"]
[Source "ChessBase"]
[SourceDate "2011.06.27"]
[SourceVersion "1"]
[SourceVersionDate "2011.06.27"]
[SourceQuality "1"]

1. e4 c5 2. c3 Nf6 3. e5 Nd5 4. d4 cxd4 5. Nf3 e6 6. cxd4 b6 7. Nc3 Nxc3 8. bxc3 Qc7 9. Bd2 d6 10. Bd3 Be7 11. 0-0 dxe5 12. Nxe5 0-0 13. Qh5 f5 14. Rae1 Nd7 15. Nxd7 Bxd7 16. Re3 Be8 17. Qe2 Bd7 18. Rh3 h6 19. Bc4 Rf6 20. Re3 Qc6 21. Re1 Rg6 22. f4 Rf8 23. Bxe6+ Bxe6 24. Rxe6 Rxe6 25. Qxe6+ Qxe6 26. Rxe6 Ba3 27. Kf2 Bb2 28. Re3 b5 29. Ke2 b4 30. cxb4 Bxd4 31. Rd3 Re8+ 32. Kd1 Re4 33. g3 Kf7 34. a3 Ke6 35. Bc3 Bxc3 36. Rxc3 Kd6 37. Rc5 Ke6 38. Ra5 g5 39. Rxa7 Kd5 40. Ra5+ Ke6 41. Ra6+ Kd5 42. Rxh6 gxf4 43. gxf4 Rxf4 44. Rh3 Rf2 45. Ke1 Ra2 1/2-1/2

[Event "CUB-ch U16 Girls"]
[Site "Camaguey"]
[Date "2010.07.09"]
[Round "2"]
[White "Valdivia Pena, Yaima"]
[Black "Gutierrez Espinosa, Karen"]
[Result "0-1"]
[WhiteElo "2045"]
[BlackElo "2168"]
[PlyCount "128"]
[EventDate "2010.07.08"]
[EventType "swiss"]
[EventRounds "9"]
[EventCountry "CUB"]
[SourceTitle "EXT 2013"]
[Source "ChessBase"]
[SourceDate "2012.11.22"]
[SourceVersion "1"]
[SourceVersionDate "2012.11.22"]
[SourceQuality "1"]

1. e4 c5 2. c3 Nf6 3. e5 Nd5 4. d4 e6 5. Bc4 Nc7 6. Qg4 b5 7. Bd3 cxd4 8. cxd4 Nc6 9. Nc3 b4 10. Bg5 Be7 11. Bxe7 Qxe7 12. Qxg7 Rf8 13. Nce2 Bb7 14. Nf3 Nd5 15. Bxh7 Ba6 16. Qg5 Qxg5 17. Nxg5 Bxe2 18. Kxe2 Nxd4+ 19. Kd2 f6 20. exf6 Rxf6 21. f3 b3 22. a3 Ke7 23. h4 Nf4 24. Rag1 Rc8 25. g4 e5 26. h5 Rd6 27. Ke3 Nc2+ 28. Kf2 Rd2+ 29. Kg3 Ne2+ 30. Kh4 Nxg1 31. Rxg1 Nd4 32. Rb1 Rf8 33. Be4 Ne6 34. Nxe6 Kxe6 35. g5 Rh2+ 36. Kg4 Rf4+ 37. Kg3 Rxh5 38. g6 Rg5+ 39. Kf2 d5 40. Bd3 e4 41. Be2 Rxg6 42. Rc1 Ke5 43. Rc3 Rb6 44. Bd1 Rb5 45. Kg3 d4 46. Rc7 Rf6 47. Rxa7 e3 48. Be2 Rg6+ 49. Kh2 Rb8 50. Rh7 Rbg8 51. Rh5+ Kf6 52. Bf1 Rg1 53. Rh6+ Kf7 54. Bc4+ Ke7 55. Bxg8 Rxg8 56. Rh4 Rd8 57. Re4+ Kf6 58. Kg2 d3 59. Rf4+ Kg5 60. Kg3 d2 61. Rg4+ Kf5 62. Rf4+ Ke5 63. Re4+ Kd5 64. Rxe3 d1Q 0-1

[Event "Camaguey-B"]
[Site "Camaguey"]
[Date "2010.02.06"]
[Round "9"]
[White "Valdivia Pena, Yaima"]
[Black "Cabrera Ladron de Guevara, Mayra"]
[Result "0-1"]
[WhiteElo "2138"]
[BlackElo "1978"]
[PlyCount "194"]
[EventDate "2010.02.02"]
[EventType "tourn"]
[EventRounds "11"]
[EventCountry "CUB"]
[SourceTitle "CBM 135 Extra"]
[Source "ChessBase"]
[SourceDate "2010.05.04"]
[SourceVersion "1"]
[SourceVersionDate "2010.05.04"]
[SourceQuality "1"]

1. e4 c5 2. c3 d6 3. d4 Nf6 4. Bd3 Nc6 5. Nf3 g6 6. h3 Bg7 7. Be3 Qb6 8. Qb3 Qd8 9. 0-0 0-0 10. Rd1 Na5 11. Qc2 c4 12. Be2 d5 13. exd5 Qxd5 14. Ne5 Bf5 15. Qa4 Be4 16. f3 Bxb1 17. Raxb1 Rac8 18. b4 cxb3 19. c4 Qd8 20. axb3 Nc6 21. Nxc6 Rxc6 22. Qxa7 Qc7 23. d5 Ra6 24. Qc5 Qd7 25. Qb4 Ra2 26. Rd2 Rfa8 27. Rbd1 Nh5 28. d6 Rxd2 29. Qxd2 exd6 30. Qxd6 Qe8 31. Qd2 Ng3 32. Bd3 Rd8 33. Bb6 Rd7 34. Re1 Re7 35. Rxe7 Qxe7 36. b4 Qf6 37. Qe1 Qxb6+ 38. c5 Qe6 39. Qxe6 fxe6 40. Kf2 Nf5 41. Ke2 Bc3 42. b5 Bb4 43. c6 bxc6 44. bxc6 Nd4+ 45. Ke3 Nxc6 46. Bc4 Kf7 47. Ke4 Kf6 48. g4 Be1 49. f4 h6 50. g5+ hxg5 51. fxg5+ Kxg5 52. Bxe6 Kh4 53. Bg4 Kg3 54. Bd7 Nb4 55. Bg4 g5 56. Bd7 Bd2 57. Bg4 Bf4 58. Be6 Nc2 59. Bd7 Ne3 60. Be6 Nd1 61. Kd3 Nf2+ 62. Ke2 Nxh3 63. Kd3 Bd6 64. Ke4 Nf4 65. Bd7 Be7 66. Bc8 Ne2 67. Be6 Nc3+ 68. Kd3 Bf6 69. Ke3 Nd1+ 70. Ke2 Nf2 71. Ke3 Bd8 72. Bc8 Bb6+ 73. Ke2 Kf4 74. Bd7 Ne4 75. Kf1 Ng3+ 76. Ke1 Nf5 77. Bc6 g4 78. Kf1 g3 79. Bh1 Ne3+ 80. Ke2 Ng4 81. Kd2 Nf2 82. Bg2 Ne4+ 83. Ke2 Nc3+ 84. Kd2 Nb1+ 85. Ke2 Na3 86. Kd3 Nb5 87. Kc4 Nd6+ 88. Kd3 Nf5 89. Ke2 Ne3 90. Bh1 g2 91. Bxg2 Nxg2 92. Kd3 Ne3 93. Kc3 Ke4 94. Kb4 Kd4 95. Kb5 Nc4 96. Kc6 Bc5 97. Kb5 Kd5 0-1

[Event "Camaguey-B"]
[Site "Camaguey"]
[Date "2010.02.05"]
[Round "6"]
[White "Gonzalez Ochoa, Yoana"]
[Black "Valdivia Pena, Yaima"]
[Result "1/2-1/2"]
[WhiteElo "2024"]
[BlackElo "2138"]
[PlyCount "90"]
[EventDate "2010.02.02"]
[EventType "tourn"]
[EventRounds "11"]
[EventCountry "CUB"]
[SourceTitle "CBM 135 Extra"]
[Source "ChessBase"]
[SourceDate "2010.05.04"]
[SourceVersion "1"]
[SourceVersionDate "2010.05.04"]
[SourceQuality "1"]

1. e4 c5 2. Nf3 Nc6 3. d4 cxd4 4. Nxd4 Nf6 5. Nc3 e5 6. Ndb5 d6 7. Bg5 a6 8. Na3 b5 9. Nd5 Be7 10. Bxf6 Bxf6 11. c4 b4 12. Nc2 a5 13. g3 0-0 14. Bg2 Be6 15. b3 Bxd5 16. Qxd5 Qb6 17. Qd3 a4 18. 0-0 a3 19. Kh1 Nb8 20. Ne3 Bd8 21. Rad1 Ra6 22. Nf5 Bc7 23. Qd2 Qc5 24. Qg5 g6 25. Rd5 Qa7 26. Nh6+ Kg7 27. Ng4 Bd8 28. Qd2 Be7 29. f4 f5 30. fxe5 fxg4 31. exd6 Rxf1+ 32. Bxf1 Bxd6 33. Rxd6 Rxd6 34. Qxd6 Qf2 35. Qc7+ Qf7 36. Qxf7+ Kxf7 37. c5 Ke6 38. Bb5 Ke5 39. c6 Kd6 40. e5+ Kc7 41. Kg2 Nxc6 42. Bxc6 Kxc6 43. Kf2 Kd5 44. e6 Kxe6 45. Ke3 Ke5 1/2-1/2